Small scale industries on the Copperbelt Entrepreneurial seminar (Record no. 57609)

MARC details
000 -LEADER
fixed length control field 00585nam a2200157 a 4500
008 - FIXED-LENGTH DATA ELEMENTS--GENERAL INFORMATION
fixed length control field 120416s1984 ||||||||||||||||| || u
050 ## - LIBRARY OF CONGRESS CALL NUMBER
Classification number HD 62.7 Sma
100 ## - MAIN ENTRY--PERSONAL NAME
Personal name Kamya, Andrew
245 10 - TITLE STATEMENT
Title Small scale industries on the Copperbelt Entrepreneurial seminar
246 ## - VARYING FORM OF TITLE
Title proper/short title Andrew Kamya [and others]
260 ## - PUBLICATION, DISTRIBUTION, ETC.
Place of publication, distribution, etc. Kitwe
Name of publisher, distributor, etc. Mindolo Ecumenical Foundation
Date of publication, distribution, etc. 1984
300 ## - PHYSICAL DESCRIPTION
Extent 150p.
350 ## - PRICE (NR) (BK AM CF MU VM SE) [OBSOLETE]
Price 0.00
650 ## - SUBJECT ADDED ENTRY--TOPICAL TERM
Topical term or geographic name entry element SMALL SCALE INDUSTIES--COPPERBELT
995 ## - RECOMMENDATION 995 [LOCAL, UNIMARC FRANCE]
-- 0.00
-- CBU-MAIN LIBRARY (Kitwe)
-- 1
-- 0.00
-- 1
-- AVAILABLE
-- Zambiana Collection
Holdings
Withdrawn status Lost status Source of classification or shelving scheme Damaged status Not for loan Home library Current library Shelving location Date acquired Total Checkouts Full call number Barcode Date last seen Price effective from Koha item type
          CBU-MAIN LIBRARY, KITWE. CBU-MAIN LIBRARY, KITWE.   11/30/2022   HD 62.7 Sma 55608 11/30/2022 11/30/2022 MONOGRAPH